000 01036nam a22003257a 4500
003 CHAP
005 20220329134120.0
008 971013s1971 r 00010 d
010 _a15609
011 _a16581
035 _a20663
040 _cCHAP
082 _a631.43
_bH5
100 0 0 _aHillel, Daniel.
_955451
245 _aSoil and water; physical principles and processes
260 _aNew York :
_bAcademic Press,
_c1971
300 _a288 p.
_b: ilus.
490 _aPhysiological ecology
590 _aBATCH-UPD
_b10
_c20130110
_lUCH01
_h1526
590 _aBATCH-UPD
_b10
_c20130410
_lUCH01
_h0935
590 _aBATCH-UPD
_b10
_c20130914
_lUCH01
_h1617
590 _aCONVERSION
_b10
_c20130109
_lUCH01
_h1310
650 1 4 _aSuelos
_xFĂ­sica de.
_9110373
650 1 4 _aSuelos
_xHumedad.
_9110391
830 0 _aPhysiological ecology
_987897
901 _aBK
942 _cLIBRO
949 _a631.43 H5
_bBC
_cLIBRO
_d33724000069589
_eLIBRO
_h17271
_i20663
_si
949 _a631.43 H5
_bBC
_cLIBRO
_d33724000603502
_eLIBRO
_fc.2
_h29159
_i20663
_si
999 _c15609
_d15609